000 00283nam a22001337a 4500
008 170216b xxu||||| |||| 00| 0 eng d
020 _a9780716731139
041 _aeng
080 _a615
100 _a5
101 _aSHF
245 _aTHE DRUG ACTION
_cJULIEN, R.M
942 _2udc
_cBK
999 _c5697
_d5697